[Event "Titled Tuesday intern op 29th Aug Early"]
[Site "Chess.com INT"]
[Date "2023.08.29"]
[Round "5"]
[White "Garcia Correa, Jose Ricardo"]
[Black "Jolly, Jean Francois"]
[Result "1-0"]
[WhiteElo "2103"]
[BlackElo "2397"]
[PlyCount "55"]
[EventDate "2023.08.29"]
[EventType "swiss (blitz)"]
[EventRounds "11"]
[EventCountry "USA"]
[SourceTitle "EXT 2024"]
[Source "ChessBase"]
[SourceDate "2023.10.10"]
[SourceVersion "1"]
[SourceVersionDate "2023.10.10"]
[SourceQuality "1"]

1. e4 e5 2. Nf3 Nc6 3. Bc4 Nf6 4. d3 Bc5 5. c3 a6 6. Qe2 Ba7 7. Be3 0-0 8. Bxa7 Rxa7 9. 0-0 d6 10. h3 Ne7 11. Nbd2 Ng6 12. Rfd1 Nh5 13. Qe3 Ra8 14. d4 Nhf4 15. Bf1 Qf6 16. Kh2 h6 17. g3 Ne6 18. d5 Ng5 19. Nxg5 hxg5 20. Be2 Ne7 21. Bg4 Qh6 22. Kg2 g6 23. Bxc8 Raxc8 24. h4 f6 25. Nf3 Kg7 26. hxg5 Qh5 27. Rh1 Qg4 28. Rh4 1-0

[Event "Titled Tuesday intern op 29th Aug Early"]
[Site "Chess.com INT"]
[Date "2023.08.29"]
[Round "6"]
[White "Jolly, Jean Francois"]
[Black "Srdanovic, Jovana"]
[Result "1-0"]
[WhiteElo "2397"]
[BlackElo "2090"]
[PlyCount "105"]
[EventDate "2023.08.29"]
[EventType "swiss (blitz)"]
[EventRounds "11"]
[EventCountry "USA"]
[SourceTitle "EXT 2024"]
[Source "ChessBase"]
[SourceDate "2023.10.10"]
[SourceVersion "1"]
[SourceVersionDate "2023.10.10"]
[SourceQuality "1"]

1. d4 d5 2. c4 c6 3. Nf3 Nf6 4. Qc2 g6 5. cxd5 cxd5 6. Bf4 Nc6 7. e3 Bg7 8. a3 0-0 9. h3 Bf5 10. Bd3 Bxd3 11. Qxd3 e6 12. Nc3 Na5 13. 0-0 a6 14. Rac1 b5 15. Na2 Nc4 16. Rc2 a5 17. Rfc1 Ne4 18. Qe2 Qb6 19. Ne1 b4 20. axb4 axb4 21. b3 Na3 22. Rc6 Qa5 23. Bc7 Qa7 24. Nxb4 Qb7 25. Ned3 Rac8 26. f3 Ng3 27. Bxg3 Rxc6 28. Rxc6 Ra8 29. Kh2 Bf8 30. Rc7 Qb5 31. Nc2 Qxb3 32. Nxa3 Rxa3 33. Nc5 Qxe3 34. Qxe3 Rxe3 35. Rc8 Kg7 36. Be5+ f6 37. Bxf6+ Kxf6 38. Rxf8+ Ke7 39. Rc8 Re1 40. Rc7+ Kd8 41. Rxh7 e5 42. dxe5 d4 43. Ne6+ Ke8 44. Nxd4 Rxe5 45. f4 Re1 46. Nf3 Re4 47. Kg3 Re3 48. Rg7 Rb3 49. Rxg6 Ra3 50. Rg7 Kf8 51. Rb7 Rc3 52. Kg4 Rb3 53. Rxb3 1-0

[Event "Titled Tuesday intern op 20th Dec Early"]
[Site "Chess.com INT"]
[Date "2022.12.20"]
[Round "8"]
[White "Mitrovic, Darko R"]
[Black "Jolly, Jean Francois"]
[Result "1-0"]
[WhiteElo "2220"]
[BlackElo "2399"]
[PlyCount "87"]
[EventDate "2022.12.20"]
[EventType "swiss (blitz)"]
[EventRounds "11"]
[EventCountry "USA"]
[SourceTitle "EXT 2024"]
[Source "ChessBase"]
[SourceDate "2023.10.10"]
[SourceVersion "1"]
[SourceVersionDate "2023.10.10"]
[SourceQuality "1"]

1. d4 Nf6 2. Nf3 d5 3. g3 g6 4. Bg2 Bg7 5. 0-0 0-0 6. c4 c6 7. b3 dxc4 8. bxc4 c5 9. e3 Nc6 10. Bb2 Qb6 11. Qb3 Ne4 12. Nc3 Nxc3 13. Bxc3 Na5 14. Bxa5 Qxa5 15. Rac1 Qa6 16. Ne5 Bxe5 17. dxe5 Rb8 18. f4 Be6 19. a4 Rfd8 20. Bd5 Bd7 21. Ra1 e6 22. Bf3 Bc6 23. Bxc6 Qxc6 24. Rad1 b6 25. Kf2 Qe4 26. Rxd8+ Rxd8 27. Rd1 Qa8 28. Rxd8+ Qxd8 29. Ke2 Qa8 30. Kf2 Qh1 31. Qb5 Qxh2+ 32. Kf3 Qh1+ 33. Kf2 Qa8 34. Qd7 Qb8 35. Qe7 Qc8 36. Qxa7 Qc6 37. Qb8+ Kg7 38. Qd8 Qxa4 39. Qf6+ Kf8 40. Qd8+ Qe8 41. Qd6+ Qe7 42. Qxb6 Kg7 43. Qb8 h5 44. Qd6 1-0

[Event "Titled Tuesday intern op 29th Dec"]
[Site "Chess.com INT"]
[Date "2020.12.29"]
[Round "1"]
[White "Jolly, Jean Francois"]
[Black "Svane, Frederik"]
[Result "0-1"]
[WhiteElo "2378"]
[BlackElo "2421"]
[PlyCount "76"]
[EventDate "2020.12.29"]
[EventType "swiss (blitz)"]
[EventRounds "11"]
[EventCountry "USA"]
[SourceTitle "CBM 200 Extra"]
[Source "ChessBase"]
[SourceDate "2021.03.31"]
[SourceVersion "1"]
[SourceVersionDate "2021.03.31"]
[SourceQuality "1"]

1. c4 Nf6 2. g3 g6 3. Bg2 Bg7 4. Nc3 0-0 5. Nf3 c5 6. 0-0 Nc6 7. a3 d5 8. cxd5 Nxd5 9. Qa4 Nb6 10. Qh4 c4 11. Rd1 Bf5 12. d3 cxd3 13. e4 Bc8 14. Bh6 e5 15. Bxg7 Kxg7 16. Qxd8 Rxd8 17. Ne1 d2 18. Nf3 Bg4 19. Rxd2 Bxf3 20. Rxd8 Rxd8 21. Bxf3 Rd2 22. Rb1 Nc4 23. Be2 Nxb2 24. Kf1 Nd4 25. Ke1 Rc2 26. Bd1 Rxc3 27. Rxb2 b6 28. a4 Ra3 29. Rb4 f5 30. Rc4 Ne6 31. Rc6 Kf6 32. Rd6 Ke7 33. Rd5 Kf6 34. Rd7 Nc5 35. Rxa7 Nxe4 36. Rxh7 Nc3 37. Rd7 Ke6 38. Rd3 Nb1 0-1

[Event "Titled Tuesday intern op 14th July"]
[Site "Chess.com INT"]
[Date "2020.07.14"]
[Round "2"]
[White "Gago Padreny, Ignacio"]
[Black "Jolly, Jean Francois"]
[Result "1-0"]
[WhiteElo "2289"]
[BlackElo "2378"]
[PlyCount "55"]
[EventDate "2020.07.14"]
[EventType "swiss (blitz)"]
[EventRounds "10"]
[EventCountry "USA"]
[SourceTitle "CBM 197 Extra"]
[Source "ChessBase"]
[SourceDate "2020.09.30"]
[SourceVersion "1"]
[SourceVersionDate "2020.09.30"]
[SourceQuality "1"]

1. d4 Nf6 2. c4 g6 3. Nc3 d5 4. cxd5 Nxd5 5. e4 Nxc3 6. bxc3 Bg7 7. Be3 c5 8. Rc1 Qa5 9. Qd2 cxd4 10. cxd4 Qxd2+ 11. Bxd2 0-0 12. Nf3 Bg4 13. Be3 Bxf3 14. gxf3 Nc6 15. d5 Na5 16. Bh3 f5 17. Ke2 Rac8 18. exf5 gxf5 19. Bxf5 Rxc1 20. Be6+ Kh8 21. Rxc1 Be5 22. f4 Bf6 23. Rc7 Ra8 24. Bd2 b6 25. Kd3 Kg7 26. d6 Kf8 27. d7 Rd8 28. Bxa5 1-0

[Event "Titled Tuesday intern op 14th July"]
[Site "Chess.com INT"]
[Date "2020.07.14"]
[Round "1"]
[White "Jolly, Jean Francois"]
[Black "Paravyan, David"]
[Result "0-1"]
[WhiteElo "2378"]
[BlackElo "2653"]
[PlyCount "98"]
[EventDate "2020.07.14"]
[EventType "swiss (blitz)"]
[EventRounds "10"]
[EventCountry "USA"]
[SourceTitle "CBM 197 Extra"]
[Source "ChessBase"]
[SourceDate "2020.09.30"]
[SourceVersion "1"]
[SourceVersionDate "2020.09.30"]
[SourceQuality "1"]

1. e4 e5 2. Nf3 Nc6 3. Bc4 d6 4. d4 Bg4 5. dxe5 Nxe5 6. Be2 Nxf3+ 7. Bxf3 Bxf3 8. Qxf3 Qf6 9. Qe2 Qe6 10. Nc3 c6 11. Bf4 Nf6 12. 0-0-0 Be7 13. Rhe1 Nd7 14. Bg3 b5 15. Qd3 Nc5 16. Qd4 0-0 17. Bxd6 Bxd6 18. Qxd6 b4 19. Qxe6 fxe6 20. Nb1 Rxf2 21. Rd2 Raf8 22. g3 a5 23. c3 h6 24. Kc2 Rxd2+ 25. Kxd2 Rf2+ 26. Re2 Nxe4+ 27. Ke3 Rxe2+ 28. Kxe2 bxc3 29. bxc3 Kf7 30. Kd3 Nd6 31. Kd4 Ke7 32. Kc5 Kd7 33. Na3 Kc7 34. Kd4 Nb5+ 35. Nxb5+ cxb5 36. Kc5 e5 37. Kxb5 Kd6 38. c4 e4 39. c5+ Kc7 40. Kc4 Kc6 41. Kd4 a4 42. Kxe4 Kxc5 43. Kd3 Kb4 44. Kc2 Ka3 45. Kb1 h5 46. h4 g6 47. Ka1 Kb4 48. Kb2 a3+ 49. Kc2 Kc4 0-1

[Event "Titled Tuesday intern op 16th June"]
[Site "Chess.com INT"]
[Date "2020.06.16"]
[Round "2"]
[White "Jolly, Jean Francois"]
[Black "Idrisova, Roza"]
[Result "1-0"]
[WhiteElo "2378"]
[BlackElo "1960"]
[PlyCount "47"]
[EventDate "2020.06.16"]
[EventType "swiss (blitz)"]
[EventRounds "10"]
[EventCountry "USA"]
[SourceTitle "EXT 2021"]
[Source "ChessBase"]
[SourceDate "2020.10.23"]
[SourceVersion "1"]
[SourceVersionDate "2020.10.23"]
[SourceQuality "1"]

1. e4 c6 2. d4 d5 3. e5 c5 4. dxc5 e6 5. Nf3 Bxc5 6. Bd3 Ne7 7. 0-0 Nbc6 8. Re1 a6 9. c3 b5 10. Nbd2 Bb7 11. Nb3 Bb6 12. Bf4 Ng6 13. Bg3 Bc7 14. h4 Nge7 15. Nbd4 Na5 16. a4 Nc4 17. Qe2 Bc6 18. b3 Nb6 19. Nxc6 Nxc6 20. axb5 axb5 21. Bxb5 Qd7 22. Nd4 Nxd4 23. Bxd7+ Kxd7 24. cxd4 1-0

[Event "FRA-ch Blitz Online Qual"]
[Site "Europe Echecs INT"]
[Date "2020.05.16"]
[Round "11"]
[White "Jolly, Jean Francois"]
[Black "Degardin, Sylvain"]
[Result "1/2-1/2"]
[WhiteElo "2378"]
[BlackElo "2267"]
[PlyCount "141"]
[EventDate "2020.05.16"]
[EventType "swiss (blitz)"]
[EventRounds "15"]
[EventCountry "FRA"]
[SourceTitle "CBM 196 Extra"]
[Source "ChessBase"]
[SourceDate "2020.07.31"]
[SourceVersion "1"]
[SourceVersionDate "2020.07.31"]
[SourceQuality "1"]

1. e4 c5 2. Nf3 d6 3. c3 Nf6 4. h3 Nbd7 5. Bd3 b6 6. Bc2 Bb7 7. d3 Rc8 8. 0-0 Qc7 9. a3 g6 10. b4 Bg7 11. Re1 0-0 12. b5 e5 13. a4 d5 14. Nbd2 Rfd8 15. Qe2 c4 16. dxc4 dxe4 17. Nxe4 Nxe4 18. Bxe4 Bxe4 19. Qxe4 Qxc4 20. Qxc4 Rxc4 21. Bb2 Rdc8 22. Rad1 Nc5 23. Nxe5 Bxe5 24. Rxe5 Nxa4 25. Bc1 Nxc3 26. Rd7 Ne2+ 27. Rxe2 Rxc1+ 28. Kh2 R8c7 29. Ree7 Rxd7 30. Rxd7 Rc5 31. Rxa7 Rxb5 32. Rb7 Rb1 33. h4 h5 34. g3 Kg7 35. Kg2 b5 36. Rb6 Kf8 37. Kf3 Ke7 38. Ke2 b4 39. Kf3 Kd7 40. Rb7+ Ke6 41. Kg2 b3 42. Kf3 f6 43. Rb6+ Ke5 44. Kg2 b2 45. Rb5+ Kd4 46. Rb8 Kc3 47. Rc8+ Kd3 48. Rb8 g5 49. hxg5 fxg5 50. Rb7 h4 51. gxh4 gxh4 52. Rb8 h3+ 53. Kh2 Ke4 54. Rb7 Kf3 55. Rb8 Kxf2 56. Rb7 Ke2 57. Rb8 Kd2 58. Rb7 Kc2 59. Rc7+ Kd3 60. Rb7 Kc4 61. Rb8 Kd4 62. Rb7 Ke4 63. Rb8 Kf4 64. Rb7 Ke4 65. Rb8 Kf4 66. Rb7 Kg4 67. Rb8 Kf3 68. Rb7 Rf1 69. Rxb2 Rf2+ 70. Rxf2+ Kxf2 71. Kxh3 1/2-1/2

[Event "FRA-ch Blitz Online Qual"]
[Site "Europe Echecs INT"]
[Date "2020.05.16"]
[Round "12"]
[White "Lagarde, Maxime"]
[Black "Jolly, Jean Francois"]
[Result "1-0"]
[WhiteElo "2655"]
[BlackElo "2378"]
[PlyCount "97"]
[EventDate "2020.05.16"]
[EventType "swiss (blitz)"]
[EventRounds "15"]
[EventCountry "FRA"]
[SourceTitle "CBM 196 Extra"]
[Source "ChessBase"]
[SourceDate "2020.07.31"]
[SourceVersion "1"]
[SourceVersionDate "2020.07.31"]
[SourceQuality "1"]

1. e4 c5 2. Nf3 Nc6 3. Nc3 g6 4. Bb5 Bg7 5. 0-0 e5 6. Nd5 Nge7 7. c3 a6 8. Ba4 0-0 9. d4 cxd4 10. cxd4 Nxd5 11. exd5 Nxd4 12. Nxd4 exd4 13. d6 Qf6 14. Re1 Qxd6 15. Bg5 Bf6 16. Qd2 b5 17. Bb3 Bb7 18. Bf4 Qc6 19. f3 Rfe8 20. Rac1 Qb6 21. Bc7 Qa7 22. Qf4 d3+ 23. Kf1 Qd4 24. Qxd4 Bxd4 25. Rxe8+ Rxe8 26. Rd1 Bxb2 27. Rxd3 Bc6 28. g4 Bf6 29. f4 Re4 30. g5 Bd4 31. Bd1 Bc5 32. Bg4 Re8 33. Bxd7 Bxd7 34. Rxd7 Ra8 35. Ke2 Bf8 36. Ba5 Rc8 37. Kd3 Rc6 38. Bc7 Rc4 39. Be5 Rc8 40. Ra7 b4 41. Rxa6 Rd8+ 42. Ke4 h6 43. h4 h5 44. f5 Rc8 45. fxg6 fxg6 46. Rxg6+ Kf7 47. Rf6+ Ke8 48. Kf5 Rc2 49. Ra6 1-0

[Event "Rochefort op-A 19th"]
[Site "Rochefort"]
[Date "2020.02.22"]
[Round "8"]
[White "Le Goff, Ronan"]
[Black "Jolly, Jean Francois"]
[Result "0-1"]
[WhiteElo "2281"]
[BlackElo "2386"]
[PlyCount "78"]
[EventDate "2020.02.22"]
[EventType "swiss"]
[EventRounds "9"]
[EventCountry "FRA"]
[SourceTitle "CBM 195 Extra"]
[Source "ChessBase"]
[SourceDate "2020.05.31"]
[SourceVersion "1"]
[SourceVersionDate "2020.05.31"]
[SourceQuality "1"]

1. d4 Nf6 2. Nf3 d5 3. g3 g6 4. Bg2 Bg7 5. 0-0 0-0 6. c4 c6 7. cxd5 cxd5 8. Nc3 Ne4 9. Ng5 Nxc3 10. bxc3 h6 11. Nh3 Bxh3 12. Bxh3 Nc6 13. Rb1 b6 14. Qd3 e6 15. Bg2 Rc8 16. h4 f5 17. Ba3 Rf7 18. Qa6 Na5 19. e3 Nc4 20. Rfd1 Rfc7 21. Bb4 g5 22. hxg5 hxg5 23. a4 Qe8 24. g4 fxg4 25. e4 dxe4 26. Bxe4 Qh5 27. Rd3 Bf8 28. Qb5 a5 29. Bc5 Nd6 30. Qxb6 Nxe4 31. Qxe6+ Rf7 32. Qxe4 Bxc5 33. dxc5 Rcf8 34. Rb6 g3 35. Qg6+ Qxg6 36. Rxg6+ Kh7 37. Rxg5 gxf2+ 38. Kf1 Rf3 39. Rd4 Rh3 0-1